Chelsea Managers - Statistics

General Stats
  • This quiz has been taken 55 times
  • The average score is 12 of 18
Answer Stats
Year(s) Manager % Correct
2021-2022 Thomas Tuchel
100%
2016-2018 Antonio Conte
98%
2004-2007 Jose Mourinho
98%
2013-2015 Jose Mourinho
98%
2019-2021 Frank Lampard
96%
April 2023-May 2023 Frank Lampard
96%
2022-2023 Graham Potter
92%
2023-Present Mauricio Pochettino
92%
2018-2019 Maurizio Sarri
83%
2009-2011 Carlo Ancelotti
77%
March 2012-November 2012 Roberto Di Matteo
77%
2000-2004 Claudio Ranieri
67%
2012-2013 Rafael Benitez
60%
2007-2008 Avram Grant
58%
2008-2009 Luiz Felipe Scolari
42%
February 2009-May 2009 Guus Hiddick
4%
2015-2016 Guus Hiddick
4%
2011-2012 Andre Villas-Boas
2%
No matching quizzes found
Score Distribution
Percent of People with Each Score
Percentile by Number Answered
Your Score History
You have not taken this quiz